[Event "London Central U2000"]
[Site "London"]
[Date "2022.04.23"]
[Round "2"]
[White "Hill, Tom"]
[Black "Sarfas, Robin"]
[Result "1-0"]
[WhiteElo "1851"]
[BlackElo "1635"]
[PlyCount "71"]
[EventDate "2022.04.22"]
[EventType "swiss"]
[EventRounds "5"]
[EventCountry "ENG"]
[SourceTitle "EXT 2024"]
[Source "ChessBase"]
[SourceDate "2023.10.10"]
[SourceVersion "1"]
[SourceVersionDate "2023.10.10"]
[SourceQuality "1"]

1. d4 Nf6 2. c4 g6 3. Nc3 d5 4. cxd5 Nxd5 5. e4 Nxc3 6. bxc3 Bg7 7. Bc4 c5 8. Ne2 0-0 9. 0-0 Nc6 10. Be3 Bg4 11. f3 Na5 12. Bd3 cxd4 13. cxd4 Be6 14. d5 Bxa1 15. Qxa1 f6 16. Bh6 Qd6 17. Bxf8 Rxf8 18. Qc3 Qb6+ 19. Kh1 Rc8 20. Qa3 Qd8 21. dxe6 Nc6 22. Rc1 a6 23. h3 Kf8 24. Nf4 Ne5 25. Rxc8 Qxc8 26. Be2 g5 27. Nd5 Qxe6 28. Qc5 b5 29. Qb6 Qc8 30. Qc7 Qe6 31. Qd8+ Kf7 32. f4 gxf4 33. Qh8 f3 34. Qxh7+ Ke8 35. Bxf3 Nxf3 36. Nc7+ 1-0